| 000 | 00499nam a2200181Ia 4500 | ||
|---|---|---|---|
| 008 | 240925s9999 xx 000 0 und d | ||
| 020 | _a9781259097324 | ||
| 082 | _a658.4092 SHA | ||
| 100 | _aSharkey, Linda D. | ||
| 245 | 0 | _aWinning with Transglobal Leadership | |
| 250 | _aNA | ||
| 260 |
_aNew Delhi: _bMcGraw Hill Education (India) Private Limited _c,2012. |
||
| 300 |
_axiii, 390p. _b0 _fOriginal |
||
| 500 | _aIncludes Index | ||
| 600 | _aManagement | ||
| 650 | _aManagement | ||
| 942 | _cBK | ||
| 999 |
_c15998 _d15998 |
||